000 00636nam a2200217 i 4500
001 135662
003 ES-MaACL
005 20250824211724.0
007 t|
008 070730s1965 sp ||||1| spa d
080 _a791.43(460)
100 1 _aTorrella, José.
_9110816
245 1 0 _aCrónica y análisis del cine amateur español /
_cJosé Torrella.
260 _aMadrid :
_bRialp,
_c[1965]
300 _a300 p. :
_bil. ;
_c19 cm.
490 1 _aLibros de cine ;
_v40
650 7 _aCine amateur
_2embne
_9171035
830 1 0 _aLibros de cine Rialp
_v40
_9181163
852 _aES-MaACL
_jE-2527
999 _c135662
_d135662